[Event "Women's World Team Chess Championship"]
[Site "Khanty-Mansiysk, RUS."]
[Date "2017.06.23"]
[Round "6.4"]
[White "Balajayeva Khanim (AZE)"]
[Black "Buksa Nataliya (UKR)"]
[Result "1-0"]
[BlackElo "2344"]
[WhiteElo "2283"]
[LiveChessVersion "1.4.8"]

1. e4 {[%clk 1:30:57]} c5 {[%clk 1:30:42]} 2. c3 {[%clk 1:31:20]} Nf6
{[%clk 1:31:07]} 3. e5 {[%clk 1:31:45]} Nd5 {[%clk 1:31:34]} 4. d4
{[%clk 1:32:08]} cxd4 {[%clk 1:31:58]} 5. Nf3 {[%clk 1:32:33]} Nc6
{[%clk 1:31:47]} 6. cxd4 {[%clk 1:32:53]} d6 {[%clk 1:32:08]} 7. Bc4
{[%clk 1:33:19]} dxe5 {[%clk 1:32:34]} 8. dxe5 {[%clk 1:33:46]} Ndb4
{[%clk 1:32:43]} 9. Qb3 {[%clk 1:34:04]} e6 {[%clk 1:32:57]} 10. O-O
{[%clk 1:34:25]} Na5 {[%clk 1:32:38]} 11. Bb5+ {[%clk 1:34:39]} Bd7
{[%clk 1:33:02]} 12. Qa4 {[%clk 1:35:01]} Bxb5 {[%clk 1:32:24]} 13. Qxb5+
{[%clk 1:35:24]} Nac6 {[%clk 1:32:38]} 14. Nc3 {[%clk 1:35:40]} a6
{[%clk 1:32:33]} 15. Qc4 {[%clk 1:36:00]} Qd3 {[%clk 1:26:56]} 16. Qg4
{[%clk 1:36:02]} Qg6 {[%clk 1:17:31]} 17. Qxg6 {[%clk 1:35:48]} hxg6
{[%clk 1:17:01]} 18. Rd1 {[%clk 1:35:40]} Bc5 {[%clk 1:00:40]} 19. Bf4
{[%clk 1:16:11]} Nc2 {[%clk 0:36:42]} 20. Rac1 {[%clk 1:15:15]} N2d4
{[%clk 0:34:37]} 21. Nxd4 {[%clk 1:04:55]} Bxd4 {[%clk 0:33:54]} 22. Ne4
{[%clk 1:04:09]} Bxb2 {[%clk 0:18:05]} 23. Nd6+ {[%clk 1:04:23]} Kf8
{[%clk 0:18:31]} 24. Rb1 {[%clk 1:04:34]} Bxe5 {[%clk 0:18:47]} 25. Rxb7
{[%clk 1:04:36]} Bxf4 {[%clk 0:11:15]} 26. Rxf7+ {[%clk 1:05:00]} Kg8
{[%clk 0:11:43]} 27. Rxf4 {[%clk 1:05:23]} Rd8 {[%clk 0:10:57]} 28. Rc4
{[%clk 0:59:33]} Ne5 {[%clk 0:10:11]} 29. Ra4 {[%clk 0:51:29]} Rh5
{[%clk 0:03:41]} 30. Rxa6 {[%clk 0:49:14]} Nc4 {[%clk 0:02:15]} 31. Rc6
{[%clk 0:48:20]} Rd5 {[%clk 0:02:35]} 32. Rxd5 {[%clk 0:48:12]} exd5
{[%clk 0:03:03]} 33. Nxc4 {[%clk 0:40:33]} dxc4 {[%clk 0:03:32]} 34. g3
{[%clk 0:40:54]} Ra8 {[%clk 0:03:28]} 35. Rxg6 {[%clk 0:39:02]} Rxa2
{[%clk 0:03:11]} 36. Rc6 {[%clk 0:39:28]} Rc2 {[%clk 0:03:38]} 37. Kg2
{[%clk 0:38:57]} Kf7 {[%clk 0:03:22]} 38. h4 {[%clk 0:38:26]} Rc1
{[%clk 0:02:18]} 39. Kf3 {[%clk 0:38:49]} Rc3+ {[%clk 0:00:33]} 40. Ke4
{[%clk 1:05:06]} Rc1 {[%clk 0:30:33]} 41. Kf5 {[%clk 0:53:03]} Ke7
{[%clk 0:23:05]} 42. h5 {[%clk 0:41:22]} Kd7 {[%clk 0:16:36]} 43. Ra6
{[%clk 0:38:58]} Rd1 {[%clk 0:14:00]} 44. Ra4 {[%clk 0:31:05]} Rd4
{[%clk 0:13:18]} 45. f4 {[%clk 0:29:31]} Kc6 {[%clk 0:12:27]} 46. Kg6
{[%clk 0:20:52]} Kb5 {[%clk 0:12:37]} 47. Ra1 {[%clk 0:21:18]} Rd7
{[%clk 0:12:35]} 48. f5 {[%clk 0:18:53]} Rd4 {[%clk 0:08:37]} 49. Kxg7
{[%clk 0:18:23]} Rg4+ {[%clk 0:09:05]} 50. Kh7 {[%clk 0:18:48]} Rxg3
{[%clk 0:09:11]} 51. Rf1 {[%clk 0:19:03]} Rh3 {[%clk 0:04:02]} 52. h6
{[%clk 0:19:16]} c3 {[%clk 0:02:33]} 53. f6 {[%clk 0:19:38]} c2 {[%clk 0:02:44]}
54. f7 {[%clk 0:20:04]} 1-0

[Event "Women's World Team Chess Championship"]
[Site "Khanty-Mansiysk, RUS."]
[Date "2017.06.23"]
[Round "6.5"]
[White "Dzagnidze Nana (GEO)"]
[Black "Pham Le Thao Nguyen (VIE)"]
[Result "1/2-1/2"]
[BlackElo "2344"]
[WhiteElo "2533"]
[LiveChessVersion "1.4.8"]

1. c4 {[%clk 1:30:55]} e6 {[%clk 1:30:36]} 2. Nf3 {[%clk 1:31:02]} d5
{[%clk 1:30:32]} 3. d4 {[%clk 1:30:44]} Nf6 {[%clk 1:30:14]} 4. Nc3
{[%clk 1:30:58]} Bb4 {[%clk 1:29:15]} 5. Bg5 {[%clk 1:31:21]} h6 {[%clk 1:29:12]}
6. Bxf6 {[%clk 1:31:24]} Qxf6 {[%clk 1:29:21]} 7. Qa4+ {[%clk 1:31:50]} Nc6
{[%clk 1:29:34]} 8. e3 {[%clk 1:32:18]} O-O {[%clk 1:29:08]} 9. Be2
{[%clk 1:32:44]} Bd7 {[%clk 1:28:47]} 10. Qc2 {[%clk 1:32:58]} dxc4
{[%clk 1:26:29]} 11. O-O {[%clk 1:33:05]} Na5 {[%clk 1:24:05]} 12. Ne5
{[%clk 1:25:28]} Qe7 {[%clk 1:18:33]} 13. Ne4 {[%clk 1:25:20]} Rfd8
{[%clk 1:14:55]} 14. Rfc1 {[%clk 0:58:49]} Be8 {[%clk 1:03:37]} 15. Nxc4
{[%clk 0:49:30]} Nxc4 {[%clk 1:03:11]} 16. Qxc4 {[%clk 0:49:14]} Bc6
{[%clk 1:00:37]} 17. Bf3 {[%clk 0:49:35]} Rac8 {[%clk 0:58:57]} 18. h3
{[%clk 0:37:30]} Bd5 {[%clk 0:52:12]} 19. Qe2 {[%clk 0:37:22]} c6
{[%clk 0:50:09]} 20. a3 {[%clk 0:26:53]} Ba5 {[%clk 0:38:08]} 21. Nc5
{[%clk 0:25:56]} Bxf3 {[%clk 0:37:49]} 22. Qxf3 {[%clk 0:26:24]} Bb6
{[%clk 0:36:28]} 23. b4 {[%clk 0:21:12]} Bxc5 {[%clk 0:34:26]} 24. Rxc5
{[%clk 0:21:37]} Rd5 {[%clk 0:33:57]} 25. Rac1 {[%clk 0:22:02]} Rcd8
{[%clk 0:33:15]} 1/2-1/2

[Event "Women's World Team Chess Championship"]
[Site "Khanty-Mansiysk, RUS."]
[Date "2017.06.23"]
[Round "6.6"]
[White "Hoang Thi Bao Tram (VIE)"]
[Black "Javakhishvili Lela (GEO)"]
[Result "1/2-1/2"]
[BlackElo "2447"]
[WhiteElo "2380"]
[LiveChessVersion "1.4.8"]

1. d4 {[%clk 1:30:49]} Nf6 {[%clk 1:30:51]} 2. c4 {[%clk 1:30:34]} c5
{[%clk 1:31:05]} 3. e3 {[%clk 1:28:56]} g6 {[%clk 1:31:08]} 4. Nf3
{[%clk 1:26:08]} Bg7 {[%clk 1:31:32]} 5. Be2 {[%clk 1:26:18]} O-O
{[%clk 1:31:47]} 6. O-O {[%clk 1:26:36]} cxd4 {[%clk 1:31:56]} 7. exd4
{[%clk 1:26:26]} d5 {[%clk 1:32:15]} 8. Nc3 {[%clk 1:23:24]} Nc6 {[%clk 1:32:37]}
9. h3 {[%clk 1:19:48]} Bf5 {[%clk 1:32:28]} 10. Be3 {[%clk 1:19:10]} Rc8
{[%clk 1:24:21]} 11. c5 {[%clk 1:13:26]} Ne4 {[%clk 1:23:52]} 12. Na4
{[%clk 1:09:01]} h6 {[%clk 1:19:14]} 13. a3 {[%clk 1:02:05]} g5 {[%clk 1:18:56]}
14. b4 {[%clk 1:01:18]} e6 {[%clk 1:14:38]} 15. Rc1 {[%clk 0:51:22]} Bh7
{[%clk 1:11:49]} 16. b5 {[%clk 0:43:09]} Ne7 {[%clk 1:12:01]} 17. Bd2
{[%clk 0:43:09]} Nf5 {[%clk 0:53:47]} 18. Bb4 {[%clk 0:41:03]} Re8
{[%clk 0:54:02]} 19. b6 {[%clk 0:32:54]} Ne7 {[%clk 0:46:53]} 20. Bb5
{[%clk 0:28:49]} a6 {[%clk 0:40:42]} 21. Bxe8 {[%clk 0:27:05]} Qxe8
{[%clk 0:41:11]} 22. Nc3 {[%clk 0:25:34]} f6 {[%clk 0:33:16]} 23. Ne2
{[%clk 0:19:34]} Nc6 {[%clk 0:29:54]} 24. Nd2 {[%clk 0:15:01]} Rd8
{[%clk 0:27:20]} 25. Nb3 {[%clk 0:15:06]} f5 {[%clk 0:26:43]} 26. f3
{[%clk 0:14:48]} Nf6 {[%clk 0:27:03]} 27. Na5 {[%clk 0:14:35]} Nxa5
{[%clk 0:26:22]} 28. Bxa5 {[%clk 0:14:58]} Qc6 {[%clk 0:25:30]} 29. Be1
{[%clk 0:14:45]} Nd7 {[%clk 0:24:26]} 30. Bf2 {[%clk 0:14:58]} Nb8
{[%clk 0:24:12]} 31. f4 {[%clk 0:11:41]} Qe8 {[%clk 0:23:06]} 32. Rc3
{[%clk 0:11:37]} Qe7 {[%clk 0:18:26]} 33. h4 {[%clk 0:07:37]} g4 {[%clk 0:17:28]}
34. Re1 {[%clk 0:07:35]} Nc6 {[%clk 0:17:32]} 35. Nc1 {[%clk 0:07:46]} Bg6
{[%clk 0:15:54]} 36. Nb3 {[%clk 0:07:40]} Be8 {[%clk 0:14:23]} 37. Rce3
{[%clk 0:06:03]} Bd7 {[%clk 0:14:02]} 38. Qd2 {[%clk 0:04:48]} Rc8
{[%clk 0:14:02]} 1/2-1/2

[Event "Women's World Team Chess Championship"]
[Site "Khanty-Mansiysk, RUS."]
[Date "2017.06.23"]
[Round "6.7"]
[White "Khotenashvili Bela (GEO)"]
[Black "Vo Thi Kim Phung (VIE)"]
[Result "1-0"]
[BlackElo "2378"]
[WhiteElo "2452"]
[LiveChessVersion "1.4.8"]

1. d4 {[%clk 1:30:57]} Nf6 {[%clk 1:30:53]} 2. c4 {[%clk 1:31:17]} e6
{[%clk 1:31:14]} 3. g3 {[%clk 1:31:33]} d5 {[%clk 1:31:31]} 4. Nf3
{[%clk 1:31:55]} Bb4+ {[%clk 1:31:51]} 5. Bd2 {[%clk 1:31:59]} Be7
{[%clk 1:32:12]} 6. Bg2 {[%clk 1:32:01]} c6 {[%clk 1:32:25]} 7. Qc2
{[%clk 1:31:35]} Nbd7 {[%clk 1:31:43]} 8. O-O {[%clk 1:31:31]} O-O
{[%clk 1:32:06]} 9. Rd1 {[%clk 1:28:32]} b6 {[%clk 1:31:20]} 10. Bf4
{[%clk 1:28:37]} Nh5 {[%clk 1:24:16]} 11. Bc1 {[%clk 1:26:12]} Nhf6
{[%clk 1:22:39]} 12. b3 {[%clk 1:20:46]} Ba6 {[%clk 1:19:58]} 13. Nc3
{[%clk 1:12:27]} Rc8 {[%clk 1:16:17]} 14. e4 {[%clk 1:10:07]} dxc4
{[%clk 1:02:15]} 15. Bf4 {[%clk 1:00:12]} Bb4 {[%clk 0:53:51]} 16. Nd2
{[%clk 0:56:00]} c5 {[%clk 0:50:12]} 17. d5 {[%clk 0:43:26]} e5 {[%clk 0:26:35]}
18. Bg5 {[%clk 0:42:23]} cxb3 {[%clk 0:24:55]} 19. axb3 {[%clk 0:42:13]} c4
{[%clk 0:20:52]} 20. Rxa6 {[%clk 0:33:48]} cxb3 {[%clk 0:21:14]} 21. Qb1
{[%clk 0:33:02]} Rxc3 {[%clk 0:18:13]} 22. Nxb3 {[%clk 0:29:38]} Nc5
{[%clk 0:13:10]} 23. Nxc5 {[%clk 0:29:59]} Bxc5 {[%clk 0:13:31]} 24. Bd2
{[%clk 0:21:45]} Ra3 {[%clk 0:12:08]} 25. Rxa3 {[%clk 0:15:00]} Bxa3
{[%clk 0:12:36]} 26. Qa1 {[%clk 0:04:36]} Qe7 {[%clk 0:12:36]} 27. Bc3
{[%clk 0:04:46]} Bd6 {[%clk 0:12:44]} 28. Qa6 {[%clk 0:04:07]} Bc5
{[%clk 0:10:19]} 29. Be1 {[%clk 0:03:22]} Rb8 {[%clk 0:07:44]} 30. Rc1
{[%clk 0:00:37]} h6 {[%clk 0:07:26]} 31. Bf3 {[%clk 0:00:39]} b5 {[%clk 0:05:05]}
32. Ba5 {[%clk 0:00:39]} b4 {[%clk 0:04:29]} 33. Qc4 {[%clk 0:00:42]} Bd6
{[%clk 0:04:39]} 34. Bd1 {[%clk 0:00:49]} Qd7 {[%clk 0:02:41]} 35. Bb3
{[%clk 0:00:46]} Qg4 {[%clk 0:01:43]} 36. Re1 {[%clk 0:00:34]} Qc8
{[%clk 0:01:47]} 37. Qc6 {[%clk 0:00:39]} Ne8 {[%clk 0:01:06]} 38. Rc1
{[%clk 0:00:47]} Qg4 {[%clk 0:01:21]} 39. Qc4 {[%clk 0:00:34]} Nf6
{[%clk 0:01:31]} 40. Re1 {[%clk 0:30:34]} Rc8 {[%clk 0:31:07]} 41. Qa6
{[%clk 0:24:36]} Bc5 {[%clk 0:22:16]} 42. Kg2 {[%clk 0:19:00]} Rf8
{[%clk 0:19:49]} 43. Qc4 {[%clk 0:15:17]} Bd4 {[%clk 0:18:27]} 44. Qxb4
{[%clk 0:12:39]} Qg6 {[%clk 0:15:21]} 45. d6 {[%clk 0:07:08]} Nd7
{[%clk 0:10:59]} 46. Bc7 {[%clk 0:05:54]} Nc5 {[%clk 0:10:04]} 47. Bc4
{[%clk 0:05:53]} Qf6 {[%clk 0:07:07]} 48. f3 {[%clk 0:05:21]} h5 {[%clk 0:07:04]}
49. Rd1 {[%clk 0:03:22]} Ne6 {[%clk 0:02:00]} 50. Bxe6 {[%clk 0:03:22]} Qxe6
{[%clk 0:01:52]} 51. Qa4 {[%clk 0:02:49]} Qc8 {[%clk 0:02:09]} 52. Qc6
{[%clk 0:02:13]} Qe6 {[%clk 0:02:11]} 53. Qa4 {[%clk 0:01:19]} Qc8
{[%clk 0:02:40]} 54. Rb1 {[%clk 0:01:12]} Bb6 {[%clk 0:02:25]} 55. Rc1
{[%clk 0:00:57]} Qb7 {[%clk 0:00:37]} 56. Qb5 {[%clk 0:01:04]} Qc8
{[%clk 0:00:33]} 57. d7 {[%clk 0:01:04]} Qxc7 {[%clk 0:00:34]} 58. Rxc7
{[%clk 0:01:33]} Bxc7 {[%clk 0:01:03]} 59. Qc5 {[%clk 0:01:44]} Bd8
{[%clk 0:00:44]} 60. Qxe5 {[%clk 0:02:03]} Bf6 {[%clk 0:00:31]} 61. Qxh5
{[%clk 0:02:07]} Rb8 {[%clk 0:00:36]} 62. Qa5 {[%clk 0:02:01]} Ra8
{[%clk 0:00:31]} 63. e5 {[%clk 0:02:02]} Bd8 {[%clk 0:00:54]} 64. Qa6
{[%clk 0:02:25]} 1-0

[Event "Women's World Team Chess Championship"]
[Site "Khanty-Mansiysk, RUS."]
[Date "2017.06.23"]
[Round "6.8"]
[White "Nguyen Thi Mai Hung (VIE)"]
[Black "Melia Salome (GEO)"]
[Result "0-1"]
[BlackElo "2393"]
[WhiteElo "2301"]
[LiveChessVersion "1.4.8"]

1. d4 {[%clk 1:30:50]} e6 {[%clk 1:30:54]} 2. Nf3 {[%clk 1:30:36]} c5
{[%clk 1:30:47]} 3. e3 {[%clk 1:30:44]} Nf6 {[%clk 1:31:05]} 4. Bd3
{[%clk 1:31:04]} d5 {[%clk 1:31:02]} 5. b3 {[%clk 1:31:20]} Nc6 {[%clk 1:30:57]}
6. O-O {[%clk 1:31:08]} Bd6 {[%clk 1:30:39]} 7. Bb2 {[%clk 1:31:11]} O-O
{[%clk 1:30:47]} 8. Nbd2 {[%clk 1:29:44]} b6 {[%clk 1:29:24]} 9. Ne5
{[%clk 1:28:53]} Bb7 {[%clk 1:29:48]} 10. a3 {[%clk 1:27:13]} Ne7
{[%clk 1:28:53]} 11. f4 {[%clk 1:18:34]} Ne4 {[%clk 1:27:04]} 12. Qe2
{[%clk 1:15:00]} Rc8 {[%clk 1:24:57]} 13. Rf3 {[%clk 1:08:08]} f6
{[%clk 1:11:22]} 14. dxc5 {[%clk 1:04:15]} Bxc5 {[%clk 0:56:21]} 15. Ng4
{[%clk 1:03:41]} f5 {[%clk 0:45:19]} 16. Nf2 {[%clk 1:02:10]} Ng6
{[%clk 0:44:47]} 17. Rf1 {[%clk 0:56:02]} Be7 {[%clk 0:36:33]} 18. Rh3
{[%clk 0:49:30]} Bf6 {[%clk 0:36:16]} 19. Bxf6 {[%clk 0:49:32]} Qxf6
{[%clk 0:34:17]} 20. Nf3 {[%clk 0:46:42]} h6 {[%clk 0:33:40]} 21. Qd1
{[%clk 0:41:28]} Rfd8 {[%clk 0:31:25]} 22. Nh1 {[%clk 0:33:23]} d4
{[%clk 0:22:07]} 23. Qe1 {[%clk 0:24:01]} dxe3 {[%clk 0:20:21]} 24. Qxe3
{[%clk 0:24:19]} Rc3 {[%clk 0:18:06]} 25. Nf2 {[%clk 0:22:16]} Qe7
{[%clk 0:14:03]} 26. Nd1 {[%clk 0:21:11]} Rc7 {[%clk 0:13:21]} 27. b4
{[%clk 0:19:11]} Qd6 {[%clk 0:13:07]} 28. Nh4 {[%clk 0:18:08]} Nxh4
{[%clk 0:09:37]} 29. Rxh4 {[%clk 0:18:30]} a5 {[%clk 0:08:55]} 30. Qe1
{[%clk 0:15:25]} axb4 {[%clk 0:07:48]} 31. axb4 {[%clk 0:15:20]} Qd4+
{[%clk 0:07:19]} 32. Kh1 {[%clk 0:15:26]} Ra8 {[%clk 0:07:05]} 33. Rh3
{[%clk 0:13:06]} Ra1 {[%clk 0:07:16]} 34. c3 {[%clk 0:08:08]} Qf6
{[%clk 0:07:01]} 35. Bxe4 {[%clk 0:07:39]} Bxe4 {[%clk 0:07:02]} 36. Qe2
{[%clk 0:05:37]} Rc1 {[%clk 0:03:20]} 37. Rg3 {[%clk 0:04:25]} Rd7
{[%clk 0:01:24]} 38. Nf2 {[%clk 0:02:59]} Rd2 {[%clk 0:01:24]} 39. Qc4
{[%clk 0:03:14]} Rxf1+ {[%clk 0:01:16]} 40. Qxf1 {[%clk 0:33:38]} Bd5
{[%clk 0:30:44]} 41. Qe1 {[%clk 0:27:30]} Rc2 {[%clk 0:26:12]} 42. Kg1
{[%clk 0:25:02]} Bc4 {[%clk 0:19:26]} 43. Nd3 {[%clk 0:15:24]} Qxc3
{[%clk 0:11:55]} 44. Qxc3 {[%clk 0:14:54]} Rxc3 {[%clk 0:12:23]} 45. Ne5
{[%clk 0:14:33]} Rc1+ {[%clk 0:05:25]} 46. Kf2 {[%clk 0:14:57]} Bd5
{[%clk 0:05:14]} 47. Re3 {[%clk 0:12:12]} Rb1 {[%clk 0:04:35]} 48. Nd3
{[%clk 0:05:17]} Be4 {[%clk 0:04:23]} 49. g3 {[%clk 0:05:17]} Rb3
{[%clk 0:00:58]} 50. Ke2 {[%clk 0:05:10]} Bxd3+ {[%clk 0:01:02]} 51. Rxd3
{[%clk 0:05:35]} Rxb4 {[%clk 0:01:20]} 52. Rd7 {[%clk 0:05:24]} Re4+
{[%clk 0:01:06]} 53. Kf3 {[%clk 0:04:06]} b5 {[%clk 0:01:26]} 54. Rb7
{[%clk 0:04:32]} b4 {[%clk 0:01:47]} 55. g4 {[%clk 0:04:22]} Rc4 {[%clk 0:01:26]}
56. gxf5 {[%clk 0:03:25]} exf5 {[%clk 0:01:53]} 57. Ke3 {[%clk 0:03:21]} Kh7
{[%clk 0:01:46]} 58. h4 {[%clk 0:03:08]} Kg6 {[%clk 0:01:25]} 59. h5+
{[%clk 0:03:26]} Kxh5 {[%clk 0:00:55]} 60. Rxg7 {[%clk 0:03:50]} Rc3+
{[%clk 0:00:34]} 61. Kd4 {[%clk 0:04:09]} Rc1 {[%clk 0:00:32]} 62. Rb7
{[%clk 0:01:45]} Kg4 {[%clk 0:00:47]} 63. Rxb4 {[%clk 0:01:57]} Kxf4
{[%clk 0:00:33]} 64. Kd5+ {[%clk 0:01:57]} Kg5 {[%clk 0:00:44]} 65. Rb8
{[%clk 0:01:42]} Rd1+ {[%clk 0:00:57]} 66. Ke5 {[%clk 0:02:06]} Re1+
{[%clk 0:01:24]} 67. Kd4 {[%clk 0:02:26]} h5 {[%clk 0:01:27]} 68. Rg8+
{[%clk 0:02:51]} Kf4 {[%clk 0:01:53]} 69. Kd3 {[%clk 0:02:07]} h4
{[%clk 0:02:01]} 70. Rh8 {[%clk 0:02:18]} Kg4 {[%clk 0:01:45]} 71. Rg8+
{[%clk 0:01:57]} Kf3 {[%clk 0:02:12]} 72. Rh8 {[%clk 0:02:14]} Rd1+
{[%clk 0:01:52]} 73. Kc2 {[%clk 0:02:20]} Rd4 {[%clk 0:01:55]} 74. Kc3
{[%clk 0:01:42]} Rg4 {[%clk 0:02:19]} 75. Kd3 {[%clk 0:02:06]} Kg2
{[%clk 0:01:49]} 0-1

[Event "Women's World Team Chess Championship"]
[Site "Khanty-Mansiysk, RUS."]
[Date "2017.06.23"]
[Round "6.9"]
[White "Zatonskih Anna (USA)"]
[Black "Ju Wenjun (CHN)"]
[Result "1/2-1/2"]
[BlackElo "2583"]
[WhiteElo "2417"]
[LiveChessVersion "1.4.8"]

1. d4 {[%clk 1:30:58]} Nf6 {[%clk 1:30:50]} 2. Nf3 {[%clk 1:31:05]} d5
{[%clk 1:30:52]} 3. c4 {[%clk 1:31:20]} e6 {[%clk 1:31:03]} 4. g3
{[%clk 1:31:24]} Bb4+ {[%clk 1:31:01]} 5. Bd2 {[%clk 1:31:37]} Be7
{[%clk 1:31:02]} 6. Bg2 {[%clk 1:31:38]} O-O {[%clk 1:30:54]} 7. O-O
{[%clk 1:31:45]} c6 {[%clk 1:31:11]} 8. Qc2 {[%clk 1:31:00]} b6 {[%clk 1:29:09]}
9. Rd1 {[%clk 1:28:24]} Nbd7 {[%clk 1:28:10]} 10. Bf4 {[%clk 1:24:25]} Bb7
{[%clk 1:26:56]} 11. Nc3 {[%clk 1:11:12]} dxc4 {[%clk 1:20:14]} 12. Nd2
{[%clk 1:04:38]} Nd5 {[%clk 1:19:34]} 13. Nxc4 {[%clk 1:04:57]} Nxf4
{[%clk 1:19:50]} 14. gxf4 {[%clk 1:05:21]} Qc7 {[%clk 1:16:30]} 15. e3
{[%clk 0:54:44]} Rfd8 {[%clk 1:13:46]} 16. Rac1 {[%clk 0:54:59]} Rac8
{[%clk 1:01:13]} 17. Qb3 {[%clk 0:29:05]} g6 {[%clk 0:58:13]} 18. Ne5
{[%clk 0:27:00]} Nxe5 {[%clk 0:53:35]} 19. fxe5 {[%clk 0:24:41]} c5
{[%clk 0:52:30]} 20. Nb5 {[%clk 0:19:17]} Qb8 {[%clk 0:26:37]} 21. Bxb7
{[%clk 0:18:45]} Qxb7 {[%clk 0:27:04]} 22. dxc5 {[%clk 0:17:50]} Rxd1+
{[%clk 0:23:18]} 23. Qxd1 {[%clk 0:16:36]} Rxc5 {[%clk 0:23:16]} 24. Rxc5
{[%clk 0:16:15]} bxc5 {[%clk 0:23:34]} 25. Nd6 {[%clk 0:06:45]} Qxb2
{[%clk 0:19:36]} 26. Qf3 {[%clk 0:07:02]} Bxd6 {[%clk 0:18:10]} 27. exd6
{[%clk 0:07:26]} Qd2 {[%clk 0:15:42]} 28. Qc6 {[%clk 0:07:21]} Qd1+
{[%clk 0:14:59]} 29. Kg2 {[%clk 0:07:47]} Qg4+ {[%clk 0:15:26]} 30. Kf1
{[%clk 0:08:08]} Qd1+ {[%clk 0:15:53]} 31. Kg2 {[%clk 0:08:32]} Qg4+
{[%clk 0:16:21]} 32. Kf1 {[%clk 0:08:56]} 1/2-1/2

[Event "Women's World Team Chess Championship"]
[Site "Khanty-Mansiysk, RUS."]
[Date "2017.06.23"]
[Round "6.10"]
[White "Tan Zhongyi (CHN)"]
[Black "Foisor Sabina-Francesca (USA)"]
[Result "1-0"]
[BlackElo "2331"]
[WhiteElo "2517"]
[LiveChessVersion "1.4.8"]

1. d4 {[%clk 1:30:57]} d5 {[%clk 1:30:49]} 2. c4 {[%clk 1:31:22]} e6
{[%clk 1:31:16]} 3. Nc3 {[%clk 1:31:42]} Nf6 {[%clk 1:31:19]} 4. Bg5
{[%clk 1:32:03]} Be7 {[%clk 1:31:43]} 5. e3 {[%clk 1:32:29]} Nbd7
{[%clk 1:31:29]} 6. Nf3 {[%clk 1:30:58]} O-O {[%clk 1:27:01]} 7. Qc2
{[%clk 1:22:46]} c6 {[%clk 1:19:22]} 8. h3 {[%clk 1:18:18]} Ne4 {[%clk 1:10:26]}
9. Bf4 {[%clk 1:17:31]} Ndf6 {[%clk 1:03:31]} 10. Bd3 {[%clk 1:15:25]} Nxc3
{[%clk 1:03:47]} 11. bxc3 {[%clk 1:09:19]} dxc4 {[%clk 0:54:35]} 12. Bxc4
{[%clk 1:09:44]} c5 {[%clk 0:54:56]} 13. O-O {[%clk 1:09:27]} b6 {[%clk 0:52:52]}
14. Rfd1 {[%clk 1:04:09]} Bb7 {[%clk 0:51:54]} 15. Ne5 {[%clk 0:59:46]} Qc8
{[%clk 0:48:21]} 16. Qb3 {[%clk 0:58:02]} Bd5 {[%clk 0:45:58]} 17. Bg5
{[%clk 0:52:15]} Rd8 {[%clk 0:36:55]} 18. Rac1 {[%clk 0:50:13]} Qb7
{[%clk 0:26:30]} 19. dxc5 {[%clk 0:38:09]} Bxc4 {[%clk 0:17:27]} 20. Qxc4
{[%clk 0:38:14]} Bxc5 {[%clk 0:16:54]} 21. Bxf6 {[%clk 0:37:58]} gxf6
{[%clk 0:17:22]} 22. Qg4+ {[%clk 0:38:08]} Kf8 {[%clk 0:07:04]} 23. Rxd8+
{[%clk 0:37:51]} Rxd8 {[%clk 0:07:33]} 24. Qh4 {[%clk 0:38:11]} Ke7
{[%clk 0:05:08]} 25. Ng4 {[%clk 0:38:14]} Qe4 {[%clk 0:03:39]} 26. Qxf6+
{[%clk 0:38:28]} Ke8 {[%clk 0:04:08]} 27. Qh4 {[%clk 0:37:00]} Qg6
{[%clk 0:02:36]} 28. Nf6+ {[%clk 0:36:57]} Ke7 {[%clk 0:02:53]} 29. Nd5+
{[%clk 0:36:52]} Kd7 {[%clk 0:01:36]} 30. Qa4+ {[%clk 0:36:34]} Kd6
{[%clk 0:01:32]} 31. Nf4 {[%clk 0:36:51]} Qg5 {[%clk 0:00:59]} 32. Qxa7
{[%clk 0:36:42]} Qe7 {[%clk 0:00:50]} 33. Qa6 {[%clk 0:35:07]} Kc6
{[%clk 0:00:50]} 34. a4 {[%clk 0:35:15]} Qb7 {[%clk 0:00:37]} 35. Qb5+
{[%clk 0:31:48]} Kc7 {[%clk 0:01:07]} 36. Nd3 {[%clk 0:31:58]} Rg8
{[%clk 0:01:10]} 37. Ne1 {[%clk 0:31:17]} Qd5 {[%clk 0:00:50]} 38. a5
{[%clk 0:30:03]} Qc6 {[%clk 0:00:39]} 39. axb6+ {[%clk 0:30:21]} Bxb6
{[%clk 0:00:45]} 40. Qh5 {[%clk 1:00:16]} Rg6 {[%clk 0:30:35]} 41. Qxh7
{[%clk 0:58:28]} Qd7 {[%clk 0:30:47]} 42. Qh4 {[%clk 0:57:45]} e5
{[%clk 0:26:18]} 43. Qe4 {[%clk 0:56:59]} f5 {[%clk 0:23:07]} 44. Qxe5+
{[%clk 0:56:58]} Kc8 {[%clk 0:22:21]} 45. Ra1 {[%clk 0:55:46]} Kb7
{[%clk 0:20:46]} 46. c4 {[%clk 0:54:09]} Rc6 {[%clk 0:19:31]} 47. Qd5
{[%clk 0:53:15]} Qg7 {[%clk 0:19:30]} 48. Rd1 {[%clk 0:53:33]} Kc7
{[%clk 0:19:19]} 49. Qd8+ {[%clk 0:53:47]} Kb7 {[%clk 0:18:01]} 50. Rd7+
{[%clk 0:54:08]} 1-0

[Event "Women's World Team Chess Championship"]
[Site "Khanty-Mansiysk, RUS."]
[Date "2017.06.23"]
[Round "6.11"]
[White "Nemcova Katerina (USA)"]
[Black "Lei Tingjie (CHN)"]
[Result "0-1"]
[BlackElo "2488"]
[WhiteElo "2313"]
[LiveChessVersion "1.4.8"]

1. e4 {[%clk 1:30:55]} c6 {[%clk 1:30:54]} 2. d4 {[%clk 1:31:12]} d5
{[%clk 1:31:17]} 3. Nd2 {[%clk 1:31:30]} dxe4 {[%clk 1:31:33]} 4. Nxe4
{[%clk 1:31:56]} Bf5 {[%clk 1:31:57]} 5. Ng3 {[%clk 1:32:14]} Bg6
{[%clk 1:32:20]} 6. h4 {[%clk 1:32:32]} h6 {[%clk 1:32:40]} 7. Nf3
{[%clk 1:32:49]} e6 {[%clk 1:33:02]} 8. h5 {[%clk 1:32:07]} Bh7 {[%clk 1:33:16]}
9. Bd3 {[%clk 1:32:15]} Bxd3 {[%clk 1:33:16]} 10. Qxd3 {[%clk 1:32:36]} Nf6
{[%clk 1:33:38]} 11. Bd2 {[%clk 1:32:29]} c5 {[%clk 1:32:20]} 12. Ne4
{[%clk 1:18:29]} Nc6 {[%clk 1:21:11]} 13. Bc3 {[%clk 0:55:03]} cxd4
{[%clk 1:06:40]} 14. Nxd4 {[%clk 0:50:08]} Nb4 {[%clk 1:02:02]} 15. Nxf6+
{[%clk 0:43:26]} gxf6 {[%clk 1:02:27]} 16. Qb5+ {[%clk 0:39:23]} Qd7
{[%clk 1:02:50]} 17. Bxb4 {[%clk 0:35:29]} Qxb5 {[%clk 1:03:14]} 18. Nxb5
{[%clk 0:35:52]} Bxb4+ {[%clk 1:03:41]} 19. c3 {[%clk 0:36:07]} Ba5
{[%clk 1:04:03]} 20. Nd6+ {[%clk 0:34:24]} Ke7 {[%clk 1:03:03]} 21. O-O-O
{[%clk 0:28:13]} Rhg8 {[%clk 0:43:22]} 22. g3 {[%clk 0:25:30]} Bb6
{[%clk 0:30:12]} 23. Rd2 {[%clk 0:22:01]} Rad8 {[%clk 0:16:36]} 24. Rhd1
{[%clk 0:20:52]} f5 {[%clk 0:15:09]} 25. a4 {[%clk 0:05:53]} f4 {[%clk 0:06:36]}
26. gxf4 {[%clk 0:04:18]} Bxf2 {[%clk 0:01:36]} 27. Nf5+ {[%clk 0:02:43]} exf5
{[%clk 0:02:01]} 28. Rxf2 {[%clk 0:03:07]} Rxd1+ {[%clk 0:02:25]} 29. Kxd1
{[%clk 0:03:33]} Rg4 {[%clk 0:01:34]} 30. b4 {[%clk 0:03:46]} Rh4
{[%clk 0:01:36]} 31. Kc2 {[%clk 0:01:51]} Rxh5 {[%clk 0:01:52]} 32. Re2+
{[%clk 0:02:08]} Kf6 {[%clk 0:00:47]} 33. Rd2 {[%clk 0:00:52]} Rh1
{[%clk 0:01:08]} 34. Rd7 {[%clk 0:01:00]} h5 {[%clk 0:01:35]} 35. Rxb7
{[%clk 0:01:02]} h4 {[%clk 0:02:02]} 36. Rxa7 {[%clk 0:00:46]} h3
{[%clk 0:02:29]} 37. Ra6+ {[%clk 0:01:08]} Kg7 {[%clk 0:02:55]} 38. Rd6
{[%clk 0:01:20]} Rg1 {[%clk 0:00:33]} 39. Rd3 {[%clk 0:01:23]} h2
{[%clk 0:00:59]} 40. Rh3 {[%clk 0:31:46]} h1=Q {[%clk 0:31:16]} 41. Rxh1
{[%clk 0:32:13]} Rxh1 {[%clk 0:31:42]} 42. a5 {[%clk 0:30:41]} Kf6
{[%clk 0:31:25]} 43. Kb3 {[%clk 0:26:32]} Ke6 {[%clk 0:31:16]} 44. Kc4
{[%clk 0:25:48]} Kd6 {[%clk 0:25:24]} 45. Kb5 {[%clk 0:24:11]} Kc7
{[%clk 0:24:52]} 46. c4 {[%clk 0:21:48]} Rf1 {[%clk 0:22:58]} 47. Kc5
{[%clk 0:19:18]} Rxf4 {[%clk 0:22:39]} 48. b5 {[%clk 0:19:25]} Rf1
{[%clk 0:22:26]} 49. a6 {[%clk 0:19:18]} Rb1 {[%clk 0:22:07]} 0-1